Central Library OPAC University of Rajshahi

Communication networks : (Record no. 54901)

MARC details
000 -LEADER
fixed length control field 00859nam a2200253 a 4500
001 - CONTROL NUMBER
control field 54901
003 - CONTROL NUMBER IDENTIFIER
rucl marc code BD-RjUL
005 - DATE AND TIME OF LATEST TRANSACTION
control field 20211209080202.0
008 - FIXED-LENGTH DATA ELEMENTS--GENERAL INFORMATION
fixed length control field 161112s1981 nyua b 001 0 eng
020 ## - INTERNATIONAL STANDARD BOOK NUMBER
International Standard Book Number 0029267404
035 ## - SYSTEM CONTROL NUMBER
System control number (BD-RjUL) 55023
040 ## - CATALOGING SOURCE
Original cataloging agency DLC
Transcribing agency DLC
Modifying agency BD-RjUL
Language of cataloging eng
041 ## - LANGUAGE CODE
Language code of text/sound track or separate title eng
082 00 - DEWEY DECIMAL CLASSIFICATION NUMBER
Classification number 004.65
Edition number 23
Author mark and year ROC 1981
100 1# - MAIN ENTRY--PERSONAL NAME
Personal name Rogers, Everett M.
9 (RLIN) 155955
245 10 - TITLE STATEMENT
Title Communication networks :
Remainder of title toward a new paradigm for research /
Statement of responsibility, etc. Everett M. Rogers, D. Lawrence Kincaid.
260 ## - PUBLICATION, DISTRIBUTION, ETC. (IMPRINT)
Place of publication, distribution, etc. New York :
Name of publisher, distributor, etc. Macmillan Publications,
Date of publication, distribution, etc. c1981.
300 ## - PHYSICAL DESCRIPTION
Pagination xiv, 386 p. :
Illustrations ill. ;
Size 25 cm.
504 ## - BIBLIOGRAPHY, ETC. NOTE
Bibliography, etc Includes Bibliographical References and Index
650 #0 - SUBJECT ADDED ENTRY--TOPICAL TERM
Topical term or geographic name as entry element Communication
General subdivision Network analysis.
9 (RLIN) 119309
Topical term or geographic name as entry element Communication
General subdivision Research.
9 (RLIN) 118635
700 1# - ADDED ENTRY--PERSONAL NAME
Personal name Kincaid, D. Lawrence,
Dates associated with a name 1945-
Relator term joint author.
942 ## - ADDED ENTRY ELEMENTS (KOHA)
Source of classification or shelving scheme Dewey Decimal Classification
Koha item type Books
Holdings
Lost status Source of classification or shelving scheme Damaged status Not for loan Collection code Permanent Location Current Location Shelving location Date acquired Source of acquisition Cost, normal purchase price Total Checkouts Full call number Date last seen Copy number Koha item type
  Dewey Decimal Classification     Non-fiction Central Library, University of Rajshahi Central Library, University of Rajshahi   17/09/1996 Tappom-Tulip Enterprise 25.55   004.65 ROC 1981 12/11/2016 C-2 Books